000
00275nam a2200097Ia 4500
008
240331s9999 xx 000 0 und d
082
_b
KIN
100
_a
King, J
245
3
_a
An activist's manual on the International covenant on economic, social and cultural rights
942
_c
L
999
_c
2404
_d
2404